000
00302nam a22001337a 4500
008
170508b xxu||||| |||| 00| 0 eng d
020
_a
0932930700
041
_a
eng
080
_2
2ND
_a
343.9
100
_a
15
101
_a
SHJ
245
_a
CRIMINAL BEHAVIOR SYSTEMS
_c
CLINARD, M.B
942
_2
udc
_c
BK
999
_c
12878
_d
12878